000 01073namaa2200313 i 4500
003 EG-GICUC
005 20251202134254.0
008 251202s2000 ua |||jr|||| 000 0 ara d
017 _a99 / 16046
_bدار الكتب والوثائق القومية (مصر)
020 _a9770706876
040 _aEG-GiCUC
_bara
_cEG-GiCUC
_dEG-GiCUC
_erda
043 _af-ua---
082 0 4 _221
_a962
_bS9679
092 0 4 _221
_a962
_bS9679
099 _a962 S9679
100 1 _aسويف، مصطفى،
_d1924-
_eمؤلف.
245 1 0 _aمصر الحاضر والمستقبل /
_cبقلم دكتور مصطفى سويف.
264 _aالقاهرة(مصر) :
_bدار الهلال،
_c2000.
300 _a336 صفحة ؛
_c17 سم
336 _2rdacontent
_atext
337 _2rdamedia
_aUnmediated
338 _2rdacarrier
_avolume
490 _aكتاب الهلال ؛
_v589
504 _a.
541 _aد. جابر عصفور ؛
_bالقاهرة ؛
_cإهداء ؛
_d2024.
651 1 7 _2qrmak
_aمصر
_xاحوال اجتماعية
905 _aAya
942 _2ddc
_cBK
_e21
_n0
999 _c176421
_d176421